Loading...
| Science - Chemistry | 0 | 12 | 1 | 2 | 115 | 53 | 98.17 | 1 | 1 | 0.00 | 0.00 |
| Science - Biology | 0 | 10 | 0 | 1 | 100 | 46 | 87.30 | 2 | 3 | 0.00 | 0.00 |
| Science - Other | 0 | 10 | 0 | 2 | 100 | 40 | 94.10 | 1 | 3 | 0.00 | 0.00 |
| Science - Physics | 0 | 10 | 2 | 3 | 90 | 50 | 93.50 | 0 | 4 | 0.00 | 0.00 |
| Social Science | 0 | 4 | 0 | 0 | 40 | 74 | 96.50 | 1 | 3 | 0.00 | 0.00 |
| Philosophy | 0 | 4 | 0 | 2 | 40 | 94 | 117.75 | 0 | 0 | 0.00 | 0.00 |
| Other Academic | 0 | 1 | 0 | 0 | 10 | 105 | 105.00 | 0 | 0 | 0.00 | 0.00 |
| History - European | 0 | 1 | 0 | 0 | 10 | 71 | 71.00 | 0 | 1 | 0.00 | 0.00 |
| Fine Arts - Other | 0 | 1 | 0 | 0 | 10 | 74 | 74.00 | 0 | 0 | 0.00 | 0.00 |
| Any History | 0 | 1 | 0 | 0 | 10 | 76 | 76.00 | 0 | 1 | 0.00 | 0.00 |
| Geography | 0 | 1 | 1 | 0 | 5 | 89 | 89.00 | 0 | 0 | 0.00 | 0.00 |